00664 2200229 4500001002100000005001700021008004100038020001800079035002400097082001100121090002300132100002200155245008500177250001100262260004100273300002700314440002200341650002300363700001100386710001600397999002100413YOGYA-0411000000207920110425195609.0 ind  a979-9246-44-x 0010-041100000002079 a028.55 a028.55bSun BlDEP aSUNARDI, Sabrur R aBurung kecil dari pohon nangkabSabrur R Soenardi, Oegi Studiocpenyuting Tuti S acet. 1 aYogyakartabAdicita Karya Nusac2000 a31 hlmbilusc21x15 cm aSeri budi pekerti aBacaan kanak-kanak aTuti S aOegi Studio aCB-D.11 2000-478